Principles of combinatorics
Gespeichert in:
| 1. Verfasser: | |
|---|---|
| Format: | Buch |
| Sprache: | Englisch |
| Veröffentlicht: |
Nueva York
Academic Press
1971
|
| Schriftenreihe: | Mathematics in Science and Engineering, 72
|
| Schlagworte: | |
| Tags: |
Tag hinzufügen
Keine Tags, Fügen Sie den ersten Tag hinzu!
|
MARC
| LEADER | 00000nam a2200000 a 4500 | ||
|---|---|---|---|
| 001 | UCP0215 | ||
| 003 | CL-VaPUC | ||
| 008 | 990305e19710000US |||||||||||||||||eng|d | ||
| 082 | 0 | 4 | |a 511.6 |b BER |2 21 |
| 100 | 0 | |a Berge, C |e author |9 425228 | |
| 245 | 1 | 0 | |a Principles of combinatorics |
| 300 | |a 176 p | ||
| 942 | |c BK | ||
| 945 | |d 19990305 00:00:00 |a cmena | ||
| 260 | |a Nueva York |b Academic Press |c 1971 | ||
| 650 | 0 | |a Análisis combinatorio |9 269849 | |
| 650 | 0 | |a Funciones |9 263869 | |
| 650 | 0 | |a Partición |9 425229 | |
| 650 | 7 | |a FORMULAS DE INVERSION |2 CL-VaPUC |9 425230 | |
| 583 | |a last modification |c 19990305 00:00:00 |k Rodrigo Vera | ||
| 490 | 0 | |a Mathematics in Science and Engineering, 72 | |
| 999 | |c 279055 |d 279053 | ||
| 952 | |0 0 |1 0 |4 0 |6 511_600000000000000_BER_1971 |7 0 |8 A |9 317965 |a BIBMAT |b BIBMAT |d 2019-11-20 |i 1498290 |o 511.6 BER 1971 |p 1498290 |r 2025-01-07 |w 2019-11-20 |y BK |k MAT | ||